[Event "World Chess Olympiad 2018"]
[Site "Batumi"]
[Date "2018.09.26"]
[Round "3"]
[Board "2"]
[WhiteFideId "14204118"]
[White "Abdusattorov Nodirbek"]
[BlackFideId "719978"]
[Black "Erdos Viktor"]
[Result "1/2-1/2"]
[LiveChessVersion "1.4.8"]
[BlackElo "2609"]
[WhiteElo "2558"]

1. d4 {[%clk 1:30:45]} Nf6 {[%clk 1:30:47]} 2. c4 {[%clk 1:30:59]} g6
{[%clk 1:31:01]} 3. g3 {[%clk 1:30:24]} c6 {[%clk 1:31:13]} 4. Bg2
{[%clk 1:30:49]} d5 {[%clk 1:31:37]} 5. Qa4 {[%clk 1:31:12]} a6 {[%clk 1:27:09]}
6. Nf3 {[%clk 1:30:09]} b5 {[%clk 1:25:37]} 7. cxb5 {[%clk 1:30:34]} cxb5
{[%clk 1:26:02]} 8. Qb3 {[%clk 1:29:18]} Nc6 {[%clk 1:24:51]} 9. O-O
{[%clk 1:29:36]} Bg7 {[%clk 1:24:11]} 10. Nc3 {[%clk 1:26:57]} O-O
{[%clk 1:22:50]} 11. Bg5 {[%clk 1:24:39]} Be6 {[%clk 1:17:04]} 12. Bxf6
{[%clk 1:07:25]} Bxf6 {[%clk 1:17:07]} 13. e3 {[%clk 1:06:09]} Na5
{[%clk 1:06:38]} 14. Qd1 {[%clk 1:06:09]} Bg4 {[%clk 1:04:58]} 15. Qd3
{[%clk 0:59:14]} Bf5 {[%clk 1:01:10]} 16. Qe2 {[%clk 0:57:50]} Bg4
{[%clk 1:01:10]} 17. Rfc1 {[%clk 0:55:22]} e6 {[%clk 0:59:17]} 18. h3
{[%clk 0:53:35]} Bxf3 {[%clk 0:59:40]} 19. Bxf3 {[%clk 0:53:53]} Rc8
{[%clk 0:55:40]} 20. Rc2 {[%clk 0:51:02]} Nc6 {[%clk 0:49:38]} 21. Rac1
{[%clk 0:48:26]} Nb4 {[%clk 0:47:32]} 22. Rd2 {[%clk 0:48:37]} Nc6
{[%clk 0:46:50]} 23. Qd1 {[%clk 0:45:18]} Bg7 {[%clk 0:12:53]} 24. Be2
{[%clk 0:43:33]} Na5 {[%clk 0:08:19]} 25. Rdc2 {[%clk 0:42:21]} Qd7
{[%clk 0:08:13]} 26. Kg2 {[%clk 0:33:02]} Rfd8 {[%clk 0:08:31]} 27. Nb1
{[%clk 0:31:32]} Nc4 {[%clk 0:07:18]} 28. Nd2 {[%clk 0:31:34]} Bf8
{[%clk 0:05:25]} 29. Nf3 {[%clk 0:28:28]} Qb7 {[%clk 0:04:43]} 30. Ne1
{[%clk 0:26:49]} Nb6 {[%clk 0:03:55]} 31. Nd3 {[%clk 0:27:00]} Rxc2
{[%clk 0:04:15]} 32. Rxc2 {[%clk 0:27:02]} Rc8 {[%clk 0:04:37]} 33. Nc5
{[%clk 0:26:14]} Bxc5 {[%clk 0:03:55]} 34. dxc5 {[%clk 0:23:54]} Nc4
{[%clk 0:04:20]} 35. Qc1 {[%clk 0:19:08]} Ne5 {[%clk 0:02:25]} 1/2-1/2

[Event "World Chess Olympiad 2018"]
[Site "Batumi"]
[Date "2018.09.26"]
[Round "3"]
[Board "3"]
[WhiteFideId "702293"]
[White "Almasi Zoltan"]
[BlackFideId "14203987"]
[Black "Yakubboev Nodirbek"]
[Result "1/2-1/2"]
[LiveChessVersion "1.4.8"]
[BlackElo "2521"]
[WhiteElo "2702"]

1. e4 {[%clk 1:30:55]} c5 {[%clk 1:30:27]} 2. Nf3 {[%clk 1:31:18]} d6
{[%clk 1:30:42]} 3. d4 {[%clk 1:31:40]} cxd4 {[%clk 1:30:38]} 4. Nxd4
{[%clk 1:32:05]} Nf6 {[%clk 1:31:03]} 5. Nc3 {[%clk 1:32:30]} a6 {[%clk 1:31:19]}
6. Be2 {[%clk 1:32:16]} e5 {[%clk 1:31:28]} 7. Nb3 {[%clk 1:32:32]} Be7
{[%clk 1:31:48]} 8. Bg5 {[%clk 1:31:37]} Be6 {[%clk 1:32:05]} 9. Bxf6
{[%clk 1:31:21]} Bxf6 {[%clk 1:32:33]} 10. Nd5 {[%clk 1:29:44]} Nd7
{[%clk 1:28:14]} 11. Qd3 {[%clk 1:09:07]} Be7 {[%clk 1:28:34]} 12. Rd1
{[%clk 1:08:32]} Bxd5 {[%clk 1:28:49]} 13. Qxd5 {[%clk 1:08:52]} Qc7
{[%clk 1:29:10]} 14. c3 {[%clk 1:07:24]} O-O {[%clk 1:26:08]} 15. O-O
{[%clk 1:06:02]} b5 {[%clk 1:23:56]} 16. Na1 {[%clk 0:54:13]} Rad8
{[%clk 1:10:14]} 17. Bf3 {[%clk 0:47:00]} Nb6 {[%clk 1:08:07]} 18. Qb3
{[%clk 0:44:46]} Kh8 {[%clk 1:06:13]} 19. Nc2 {[%clk 0:36:56]} d5
{[%clk 1:06:25]} 20. Ne3 {[%clk 0:19:31]} dxe4 {[%clk 0:56:52]} 21. Bxe4
{[%clk 0:19:56]} Bc5 {[%clk 0:57:08]} 22. Nd5 {[%clk 0:19:31]} Nxd5
{[%clk 0:56:59]} 23. Bxd5 {[%clk 0:17:14]} f5 {[%clk 0:54:59]} 24. a4
{[%clk 0:17:37]} Qb6 {[%clk 0:51:40]} 25. axb5 {[%clk 0:17:45]} axb5
{[%clk 0:52:03]} 26. Qc2 {[%clk 0:15:34]} b4 {[%clk 0:50:34]} 27. g3
{[%clk 0:14:55]} e4 {[%clk 0:42:19]} 28. Kg2 {[%clk 0:15:07]} Rd6
{[%clk 0:39:12]} 29. Qb3 {[%clk 0:08:47]} Rfd8 {[%clk 0:33:07]} 30. c4
{[%clk 0:06:07]} Rf6 {[%clk 0:26:39]} 1/2-1/2

[Event "World Chess Olympiad 2018"]
[Site "Batumi"]
[Date "2018.09.26"]
[Round "3"]
[Board "4"]
[WhiteFideId "14200287"]
[White "Khoroshev Nikita"]
[BlackFideId "718572"]
[Black "Berkes Ferenc"]
[Result "1/2-1/2"]
[LiveChessVersion "1.4.8"]
[BlackElo "2678"]
[WhiteElo "2416"]

1. Nf3 {[%clk 1:30:32]} d5 {[%clk 1:30:52]} 2. c4 {[%clk 1:30:07]} e6
{[%clk 1:31:16]} 3. e3 {[%clk 1:29:14]} Nf6 {[%clk 1:31:38]} 4. Nc3
{[%clk 1:29:32]} a6 {[%clk 1:26:52]} 5. d4 {[%clk 1:21:16]} b6 {[%clk 1:25:30]}
6. b3 {[%clk 1:19:37]} Bb7 {[%clk 1:25:54]} 7. Bb2 {[%clk 1:19:54]} Nbd7
{[%clk 1:25:56]} 8. Bd3 {[%clk 1:14:46]} Bd6 {[%clk 1:26:17]} 9. Qc2
{[%clk 1:00:13]} O-O {[%clk 1:26:16]} 10. Rd1 {[%clk 0:56:24]} Qe7
{[%clk 1:16:53]} 11. O-O {[%clk 0:53:06]} dxc4 {[%clk 1:12:57]} 12. bxc4
{[%clk 0:52:04]} Bxf3 {[%clk 0:59:57]} 13. gxf3 {[%clk 0:52:32]} e5
{[%clk 0:56:49]} 14. Ne4 {[%clk 0:45:29]} Nxe4 {[%clk 0:49:38]} 15. fxe4
{[%clk 0:31:34]} exd4 {[%clk 0:45:21]} 16. f4 {[%clk 0:31:26]} dxe3
{[%clk 0:44:18]} 17. e5 {[%clk 0:26:27]} Bc5 {[%clk 0:44:43]} 18. Bxh7+
{[%clk 0:24:33]} Kh8 {[%clk 0:44:24]} 19. Kh1 {[%clk 0:25:02]} e2
{[%clk 0:25:01]} 20. Qxe2 {[%clk 0:24:47]} Kxh7 {[%clk 0:25:17]} 21. Qd3+
{[%clk 0:24:32]} Kg8 {[%clk 0:25:28]} 22. Qxd7 {[%clk 0:24:59]} Qe6
{[%clk 0:23:12]} 23. Qxe6 {[%clk 0:19:57]} fxe6 {[%clk 0:23:36]} 24. Bd4
{[%clk 0:20:18]} Be7 {[%clk 0:22:58]} 25. a4 {[%clk 0:20:13]} Rad8
{[%clk 0:23:06]} 26. Be3 {[%clk 0:20:21]} Kf7 {[%clk 0:22:15]} 27. Rg1
{[%clk 0:17:05]} Rxd1 {[%clk 0:21:00]} 28. Rxd1 {[%clk 0:17:34]} Rd8
{[%clk 0:21:22]} 29. Rc1 {[%clk 0:08:39]} Rd3 {[%clk 0:21:32]} 30. Bg1
{[%clk 0:09:01]} Ba3 {[%clk 0:16:16]} 31. Rc2 {[%clk 0:07:17]} Bb4
{[%clk 0:16:41]} 32. c5 {[%clk 0:03:51]} bxc5 {[%clk 0:15:30]} 33. Bxc5
{[%clk 0:04:16]} Rc3 {[%clk 0:15:39]} 34. Rxc3 {[%clk 0:04:41]} Bxc3
{[%clk 0:16:02]} 35. Kg2 {[%clk 0:05:10]} Kg6 {[%clk 0:16:21]} 36. Bf8
{[%clk 0:04:57]} Kf5 {[%clk 0:14:33]} 37. Bxg7 {[%clk 0:05:20]} Kxf4
{[%clk 0:14:57]} 38. Bh6+ {[%clk 0:05:37]} Kf5 {[%clk 0:15:08]} 39. Kf3
{[%clk 0:04:48]} Bxe5 {[%clk 0:15:22]} 40. h4 {[%clk 0:34:15]} Kg6
{[%clk 0:38:50]} 41. Bg5 {[%clk 0:29:35]} Kh5 {[%clk 0:31:30]} 42. Be7
{[%clk 0:28:42]} Bd6 {[%clk 0:27:19]} 43. Bd8 {[%clk 0:29:09]} c6
{[%clk 0:27:31]} 44. Bf6 {[%clk 0:27:27]} Kg6 {[%clk 0:24:37]} 45. Bc3
{[%clk 0:25:54]} Kf5 {[%clk 0:25:01]} 46. Bd2 {[%clk 0:26:24]} Be7
{[%clk 0:24:16]} 47. h5 {[%clk 0:24:34]} Bg5 {[%clk 0:24:40]} 48. Bb4
{[%clk 0:24:58]} Bh6 {[%clk 0:24:57]} 49. Be7 {[%clk 0:25:21]} e5
{[%clk 0:24:59]} 50. Bc5 {[%clk 0:25:40]} Bc1 {[%clk 0:20:33]} 51. Bb6
{[%clk 0:23:48]} Bf4 {[%clk 0:18:07]} 52. Bc5 {[%clk 0:22:58]} Bg5
{[%clk 0:16:25]} 53. Bf8 {[%clk 0:22:33]} Bc1 {[%clk 0:16:15]} 54. Bc5
{[%clk 0:22:50]} Bf4 {[%clk 0:16:37]} 55. Bb6 {[%clk 0:18:32]} Bg5
{[%clk 0:16:16]} 56. Bc5 {[%clk 0:18:27]} e4+ {[%clk 0:15:10]} 57. Kg3
{[%clk 0:18:52]} Bf4+ {[%clk 0:08:13]} 58. Kf2 {[%clk 0:19:13]} Kg4
{[%clk 0:04:23]} 59. Be3 {[%clk 0:19:27]} Bg3+ {[%clk 0:04:39]} 60. Kg2
{[%clk 0:19:41]} Be5 {[%clk 0:05:01]} 61. h6 {[%clk 0:20:06]} Kh5
{[%clk 0:05:14]} 62. h7 {[%clk 0:19:34]} Kg6 {[%clk 0:04:35]} 63. Bf4
{[%clk 0:20:01]} Bg7 {[%clk 0:03:31]} 64. Kf2 {[%clk 0:20:19]} c5
{[%clk 0:03:30]} 65. Ke3 {[%clk 0:13:00]} Kf5 {[%clk 0:03:54]} 66. Bd6
{[%clk 0:13:26]} Bd4+ {[%clk 0:03:14]} 67. Kd2 {[%clk 0:13:45]} c4
{[%clk 0:03:28]} 68. Bc5 {[%clk 0:13:27]} Bg7 {[%clk 0:03:15]} 69. Bb4
{[%clk 0:13:31]} Kg6 {[%clk 0:01:29]} 70. Ke3 {[%clk 0:13:56]} Kf5
{[%clk 0:01:50]} 71. Kd2 {[%clk 0:14:25]} Kg6 {[%clk 0:01:48]} 72. Ke3
{[%clk 0:14:54]} Kxh7 {[%clk 0:02:10]} 73. Kxe4 {[%clk 0:15:20]} Kg6
{[%clk 0:02:34]} 74. Ba3 {[%clk 0:12:49]} Bf6 {[%clk 0:01:39]} 75. Kd5
{[%clk 0:12:13]} c3 {[%clk 0:02:05]} 76. Kc4 {[%clk 0:12:39]} Kf5
{[%clk 0:02:27]} 77. Kd3 {[%clk 0:13:04]} Ke6 {[%clk 0:02:26]} 78. Bb4
{[%clk 0:13:23]} Kd5 {[%clk 0:02:52]} 1/2-1/2

[Event "World Chess Olympiad 2018"]
[Site "Batumi"]
[Date "2018.09.26"]
[Round "3"]
[Board "1"]
[WhiteFideId "14300249"]
[White "Cawdery Daniel"]
[BlackFideId "13702661"]
[Black "Jumabayev Rinat"]
[Result "1/2-1/2"]
[LiveChessVersion "1.4.8"]
[BlackElo "2605"]
[WhiteElo "2422"]

1. e4 {[%clk 1:30:58]} c6 {[%clk 1:30:59]} 2. d4 {[%clk 1:26:44]} d5
{[%clk 1:30:43]} 3. Nc3 {[%clk 1:26:47]} dxe4 {[%clk 1:31:07]} 4. Nxe4
{[%clk 1:27:13]} Bf5 {[%clk 1:31:36]} 5. Ng3 {[%clk 1:26:43]} Bg6
{[%clk 1:32:01]} 6. Nf3 {[%clk 1:23:32]} e6 {[%clk 1:32:10]} 7. Bd3
{[%clk 1:19:00]} Nf6 {[%clk 1:28:14]} 8. O-O {[%clk 1:18:54]} Nbd7
{[%clk 1:23:49]} 9. Re1 {[%clk 1:18:49]} Qc7 {[%clk 1:22:55]} 10. Bg5
{[%clk 1:05:43]} Be7 {[%clk 1:22:51]} 11. Qd2 {[%clk 1:03:11]} Rd8
{[%clk 1:02:02]} 12. a3 {[%clk 0:51:40]} O-O {[%clk 0:56:51]} 13. Bf4
{[%clk 0:44:53]} Bd6 {[%clk 0:54:35]} 14. Bxd6 {[%clk 0:45:17]} Qxd6
{[%clk 0:55:00]} 15. Rad1 {[%clk 0:42:47]} c5 {[%clk 0:52:28]} 16. Bxg6
{[%clk 0:41:08]} hxg6 {[%clk 0:52:51]} 17. Qa5 {[%clk 0:37:48]} a6
{[%clk 0:50:45]} 18. Nf1 {[%clk 0:25:01]} Rc8 {[%clk 0:36:28]} 19. Ne3
{[%clk 0:23:09]} Qb6 {[%clk 0:31:55]} 20. Qxb6 {[%clk 0:19:00]} Nxb6
{[%clk 0:32:24]} 21. dxc5 {[%clk 0:18:23]} Rxc5 {[%clk 0:32:52]} 22. Rd4
{[%clk 0:18:35]} Rfc8 {[%clk 0:30:22]} 23. Red1 {[%clk 0:17:43]} Kf8
{[%clk 0:30:26]} 24. Rb4 {[%clk 0:16:29]} Nfd7 {[%clk 0:27:42]} 25. g3
{[%clk 0:16:03]} Ke7 {[%clk 0:27:57]} 26. Nd4 {[%clk 0:14:12]} R8c7
{[%clk 0:26:31]} 27. Nb3 {[%clk 0:13:46]} Re5 {[%clk 0:26:26]} 28. Rbd4
{[%clk 0:13:36]} Rb5 {[%clk 0:22:28]} 29. a4 {[%clk 0:09:36]} Rh5
{[%clk 0:22:00]} 30. Nd2 {[%clk 0:08:28]} Ne5 {[%clk 0:19:49]} 31. b3
{[%clk 0:06:08]} Nc6 {[%clk 0:18:53]} 32. Rd3 {[%clk 0:03:44]} Nb4
{[%clk 0:13:18]} 33. Rd4 {[%clk 0:04:09]} Nxc2 {[%clk 0:12:14]} 34. Nxc2
{[%clk 0:03:41]} Rxc2 {[%clk 0:12:41]} 35. Rb4 {[%clk 0:03:18]} Nd7
{[%clk 0:12:58]} 36. Nc4 {[%clk 0:01:54]} b5 {[%clk 0:11:11]} 37. axb5
{[%clk 0:01:38]} axb5 {[%clk 0:04:11]} 38. Nd6 {[%clk 0:01:42]} Rcc5
{[%clk 0:04:23]} 39. g4 {[%clk 0:01:02]} Rh4 {[%clk 0:00:51]} 40. Kg2
{[%clk 0:30:43]} Nf6 {[%clk 0:30:35]} 41. h3 {[%clk 0:21:31]} Rd5
{[%clk 0:10:13]} 42. Nc8+ {[%clk 0:21:27]} Kd8 {[%clk 0:10:39]} 43. Rc1
{[%clk 0:21:42]} g5 {[%clk 0:11:01]} 44. Na7 {[%clk 0:21:08]} Kd7
{[%clk 0:04:21]} 45. Nxb5 {[%clk 0:15:52]} Nh5 {[%clk 0:03:23]} 46. Nc3
{[%clk 0:13:14]} Rc5 {[%clk 0:03:42]} 47. Rd1+ {[%clk 0:11:33]} Kc8
{[%clk 0:04:08]} 48. Ne2 {[%clk 0:11:18]} Nf6 {[%clk 0:03:58]} 49. Rc4
{[%clk 0:10:42]} Rxc4 {[%clk 0:03:33]} 50. bxc4 {[%clk 0:11:11]} Rh8
{[%clk 0:03:20]} 51. Ra1 {[%clk 0:10:59]} Kb7 {[%clk 0:01:45]} 52. Ra5
{[%clk 0:11:28]} Rc8 {[%clk 0:01:09]} 53. Rxg5 {[%clk 0:11:37]} g6
{[%clk 0:01:23]} 54. Rb5+ {[%clk 0:11:37]} Ka6 {[%clk 0:01:52]} 55. Rb4
{[%clk 0:11:53]} Nd7 {[%clk 0:01:51]} 56. Ra4+ {[%clk 0:09:38]} Kb6
{[%clk 0:02:19]} 57. Rb4+ {[%clk 0:10:06]} Kc5 {[%clk 0:01:08]} 58. Ra4
{[%clk 0:08:02]} Ne5 {[%clk 0:00:38]} 59. Ra7 {[%clk 0:06:54]} Rf8
{[%clk 0:00:45]} 60. Ra5+ {[%clk 0:06:49]} Kd6 {[%clk 0:01:14]} 61. Ra6+
{[%clk 0:06:43]} Ke7 {[%clk 0:01:21]} 62. Ra7+ {[%clk 0:06:54]} Kd6
{[%clk 0:01:38]} 63. Ra6+ {[%clk 0:07:19]} Ke7 {[%clk 0:01:47]} 64. Ra7+
{[%clk 0:07:33]} Kf6 {[%clk 0:01:15]} 65. Rc7 {[%clk 0:07:55]} Ra8
{[%clk 0:00:59]} 66. Nc3 {[%clk 0:07:23]} Kg7 {[%clk 0:00:35]} 67. Ne4
{[%clk 0:07:35]} Ra4 {[%clk 0:00:46]} 68. Nd6 {[%clk 0:07:47]} g5
{[%clk 0:01:10]} 69. Ne4 {[%clk 0:03:25]} Kg6 {[%clk 0:01:32]} 70. Nd6
{[%clk 0:02:07]} Ra2 {[%clk 0:01:39]} 71. c5 {[%clk 0:01:48]} Rc2
{[%clk 0:02:07]} 72. Ne4 {[%clk 0:01:37]} Nd3 {[%clk 0:01:47]} 73. Rc8
{[%clk 0:02:05]} f5 {[%clk 0:00:58]} 74. gxf5+ {[%clk 0:02:26]} Kxf5
{[%clk 0:01:01]} 75. Ng3+ {[%clk 0:02:14]} Ke5 {[%clk 0:01:24]} 76. Rf8
{[%clk 0:01:50]} Rxc5 {[%clk 0:00:47]} 77. Nh5 {[%clk 0:01:56]} Rc4
{[%clk 0:00:39]} 78. Rg8 {[%clk 0:01:48]} Nf4+ {[%clk 0:00:33]} 79. Nxf4
{[%clk 0:02:17]} gxf4 {[%clk 0:00:57]} 80. h4 {[%clk 0:02:23]} Ke4
{[%clk 0:01:04]} 81. h5 {[%clk 0:02:37]} Rc5 {[%clk 0:01:21]} 82. Rg6
{[%clk 0:02:15]} Kf5 {[%clk 0:01:16]} 83. Rg8 {[%clk 0:02:44]} Kf6
{[%clk 0:00:48]} 84. Kf3 {[%clk 0:02:57]} Rxh5 {[%clk 0:00:54]} 85. Kxf4
{[%clk 0:03:25]} Rf5+ {[%clk 0:01:20]} 1/2-1/2

[Event "World Chess Olympiad 2018"]
[Site "Batumi"]
[Date "2018.09.26"]
[Round "3"]
[Board "2"]
[WhiteFideId "13701525"]
[White "Ismagambetov Anuar"]
[BlackFideId "14300141"]
[Black "Kobese Watu"]
[Result "1-0"]
[LiveChessVersion "1.4.8"]
[BlackElo "2344"]
[WhiteElo "2538"]

1. e4 {[%clk 1:30:55]} e5 {[%clk 1:30:41]} 2. Nf3 {[%clk 1:31:14]} Nc6
{[%clk 1:31:00]} 3. Bb5 {[%clk 1:31:38]} a6 {[%clk 1:31:20]} 4. Ba4
{[%clk 1:31:54]} Nf6 {[%clk 1:31:40]} 5. O-O {[%clk 1:31:58]} Be7
{[%clk 1:32:00]} 6. Re1 {[%clk 1:32:16]} b5 {[%clk 1:32:20]} 7. Bb3
{[%clk 1:32:42]} d6 {[%clk 1:32:38]} 8. c3 {[%clk 1:32:43]} O-O {[%clk 1:32:57]}
9. h3 {[%clk 1:33:04]} Na5 {[%clk 1:33:08]} 10. Bc2 {[%clk 1:33:28]} c5
{[%clk 1:33:30]} 11. d4 {[%clk 1:33:54]} Qc7 {[%clk 1:33:21]} 12. d5
{[%clk 1:34:17]} Bd7 {[%clk 1:30:09]} 13. b3 {[%clk 1:34:40]} c4 {[%clk 1:29:03]}
14. Ba3 {[%clk 1:32:54]} Ne8 {[%clk 1:22:13]} 15. Nxe5 {[%clk 1:27:09]} Bxh3
{[%clk 1:22:25]} 16. Nxc4 {[%clk 1:22:25]} bxc4 {[%clk 1:17:31]} 17. gxh3
{[%clk 1:20:59]} Bf6 {[%clk 1:12:59]} 18. b4 {[%clk 1:11:01]} Nb7
{[%clk 1:13:12]} 19. Qf3 {[%clk 1:11:25]} Qe7 {[%clk 1:04:38]} 20. Nd2
{[%clk 1:04:28]} Qe5 {[%clk 0:54:37]} 21. Re3 {[%clk 1:03:29]} Rc8
{[%clk 0:54:47]} 22. Qg4 {[%clk 1:00:42]} Qg5 {[%clk 0:47:42]} 23. Ba4
{[%clk 0:50:17]} h5 {[%clk 0:45:54]} 24. Qg2 {[%clk 0:49:12]} Qh6
{[%clk 0:35:53]} 25. Nf3 {[%clk 0:47:53]} Nc7 {[%clk 0:35:33]} 26. Bc6
{[%clk 0:46:47]} Rb8 {[%clk 0:32:54]} 27. Bc1 {[%clk 0:47:07]} a5
{[%clk 0:29:34]} 28. a3 {[%clk 0:37:57]} Qh7 {[%clk 0:20:13]} 29. Bd2
{[%clk 0:35:26]} Nd8 {[%clk 0:19:44]} 30. Bd7 {[%clk 0:35:23]} Rb7
{[%clk 0:19:40]} 31. Rae1 {[%clk 0:30:39]} Kh8 {[%clk 0:19:39]} 32. Ba4
{[%clk 0:30:22]} Ra7 {[%clk 0:18:43]} 33. b5 {[%clk 0:24:23]} Rb7
{[%clk 0:17:08]} 34. e5 {[%clk 0:24:49]} Be7 {[%clk 0:16:50]} 35. Nd4
{[%clk 0:23:55]} dxe5 {[%clk 0:16:39]} 36. Rxe5 {[%clk 0:23:46]} Bd6
{[%clk 0:15:45]} 37. Rg5 {[%clk 0:22:00]} g6 {[%clk 0:15:46]} 38. Qf3
{[%clk 0:22:01]} Bxa3 {[%clk 0:11:42]} 39. Bf4 {[%clk 0:20:33]} Ne8
{[%clk 0:09:35]} 40. Nc6 {[%clk 0:48:52]} Ng7 {[%clk 0:38:19]} 41. Qe4
{[%clk 0:37:55]} f6 {[%clk 0:30:17]} 42. Rg2 {[%clk 0:36:30]} g5 {[%clk 0:26:19]}
43. Qxh7+ {[%clk 0:35:24]} Kxh7 {[%clk 0:26:40]} 44. Be3 {[%clk 0:35:53]} Rd7
{[%clk 0:25:43]} 45. Nxa5 {[%clk 0:34:51]} Rxd5 {[%clk 0:25:44]} 46. Nxc4
{[%clk 0:35:15]} Be7 {[%clk 0:24:02]} 47. Nb6 {[%clk 0:34:30]} Rd6
{[%clk 0:23:13]} 48. c4 {[%clk 0:31:12]} Re6 {[%clk 0:23:16]} 49. c5
{[%clk 0:29:46]} f5 {[%clk 0:16:00]} 50. Rc1 {[%clk 0:26:37]} f4 {[%clk 0:15:02]}
51. Bd4 {[%clk 0:27:01]} f3 {[%clk 0:13:37]} 52. Rg3 {[%clk 0:27:02]} Re2
{[%clk 0:13:27]} 53. Bxg7 {[%clk 0:23:19]} Kxg7 {[%clk 0:13:46]} 54. Nd5
{[%clk 0:23:43]} Bxc5 {[%clk 0:05:22]} 55. Rxc5 {[%clk 0:23:32]} Ne6
{[%clk 0:05:33]} 56. Rc1 {[%clk 0:22:21]} Kh6 {[%clk 0:04:17]} 57. Kf1
{[%clk 0:17:14]} Nd4 {[%clk 0:03:54]} 58. Bd1 {[%clk 0:17:26]} Re5
{[%clk 0:01:40]} 59. Nc7 {[%clk 0:13:29]} g4 {[%clk 0:01:31]} 60. hxg4
{[%clk 0:12:32]} h4 {[%clk 0:01:56]} 61. Rh3 {[%clk 0:12:38]} Kg5
{[%clk 0:01:56]} 62. Rc4 {[%clk 0:12:29]} Rf4 {[%clk 0:01:46]} 63. b6
{[%clk 0:11:39]} Ne2 {[%clk 0:00:44]} 64. Rxf4 {[%clk 0:10:52]} Nxf4
{[%clk 0:00:50]} 65. b7 {[%clk 0:08:56]} Nxh3 {[%clk 0:00:41]} 66. b8=Q
{[%clk 0:09:01]} 1-0

[Event "World Chess Olympiad 2018"]
[Site "Batumi"]
[Date "2018.09.26"]
[Round "3"]
[Board "3"]
[WhiteFideId "14300133"]
[White "Klaasen Calvin John"]
[BlackFideId "13700669"]
[Black "Kostenko Petr"]
[Result "1-0"]
[LiveChessVersion "1.4.8"]
[BlackElo "2459"]
[WhiteElo "2262"]

1. d4 {[%clk 1:30:56]} e6 {[%clk 1:30:49]} 2. c4 {[%clk 1:31:10]} Nf6
{[%clk 1:31:07]} 3. Nf3 {[%clk 1:30:58]} d5 {[%clk 1:31:26]} 4. g3
{[%clk 1:28:55]} Bb4+ {[%clk 1:31:45]} 5. Bd2 {[%clk 1:26:09]} Bd6
{[%clk 1:30:54]} 6. Bg2 {[%clk 1:26:29]} O-O {[%clk 1:31:08]} 7. O-O
{[%clk 1:26:41]} Nbd7 {[%clk 1:25:55]} 8. Qc2 {[%clk 1:25:38]} c6
{[%clk 1:26:11]} 9. Bg5 {[%clk 1:25:45]} h6 {[%clk 1:25:22]} 10. Bxf6
{[%clk 1:26:11]} Qxf6 {[%clk 1:23:33]} 11. Nc3 {[%clk 1:26:11]} Qe7
{[%clk 1:19:53]} 12. e4 {[%clk 1:23:58]} dxc4 {[%clk 1:19:53]} 13. Nd2
{[%clk 1:23:14]} e5 {[%clk 1:15:26]} 14. d5 {[%clk 1:23:26]} Nb6 {[%clk 1:15:43]}
15. dxc6 {[%clk 1:15:49]} bxc6 {[%clk 1:16:07]} 16. Nd1 {[%clk 1:16:02]} Ba6
{[%clk 1:15:48]} 17. Re1 {[%clk 1:15:37]} Rfd8 {[%clk 1:14:39]} 18. Ne3
{[%clk 1:15:02]} Bb4 {[%clk 1:07:36]} 19. Red1 {[%clk 1:15:24]} Qe6
{[%clk 1:03:37]} 20. Bf1 {[%clk 1:11:30]} Rd4 {[%clk 1:02:57]} 21. Nf3
{[%clk 1:03:52]} Rxd1 {[%clk 0:54:59]} 22. Rxd1 {[%clk 1:02:36]} Bc5
{[%clk 0:54:52]} 23. Qc3 {[%clk 0:56:12]} Bb5 {[%clk 0:54:53]} 24. Rc1
{[%clk 0:35:33]} Na4 {[%clk 0:47:32]} 25. Qxe5 {[%clk 0:29:20]} Qxe5
{[%clk 0:47:44]} 26. Nxe5 {[%clk 0:29:43]} Bxe3 {[%clk 0:47:25]} 27. fxe3
{[%clk 0:30:11]} Nxb2 {[%clk 0:47:20]} 28. Nxc4 {[%clk 0:28:34]} Nxc4
{[%clk 0:47:12]} 29. Bxc4 {[%clk 0:29:01]} Rb8 {[%clk 0:46:41]} 30. Bb3
{[%clk 0:24:31]} a5 {[%clk 0:46:46]} 31. Kf2 {[%clk 0:21:41]} a4 {[%clk 0:46:28]}
32. Bc2 {[%clk 0:19:33]} Kf8 {[%clk 0:44:58]} 33. Ke1 {[%clk 0:19:34]} Ke7
{[%clk 0:45:20]} 34. Kd2 {[%clk 0:18:31]} Rd8+ {[%clk 0:42:28]} 35. Kc3
{[%clk 0:18:59]} Rd6 {[%clk 0:42:53]} 36. Rd1 {[%clk 0:12:11]} Rxd1
{[%clk 0:42:55]} 37. Bxd1 {[%clk 0:12:39]} c5 {[%clk 0:41:08]} 38. Kb2
{[%clk 0:11:40]} Kd6 {[%clk 0:40:48]} 39. Ka3 {[%clk 0:11:55]} Bc6
{[%clk 0:41:09]} 40. Bxa4 {[%clk 0:41:38]} Bxe4 {[%clk 1:11:23]} 41. Bb3
{[%clk 0:41:06]} f6 {[%clk 1:11:06]} 42. Kb2 {[%clk 0:41:07]} Kc6
{[%clk 0:52:59]} 43. Kc3 {[%clk 0:39:42]} Kb5 {[%clk 0:53:09]} 44. a4+
{[%clk 0:29:05]} Kc6 {[%clk 0:53:14]} 45. Bc2 {[%clk 0:27:02]} Bd5
{[%clk 0:53:20]} 46. Bd3 {[%clk 0:26:45]} Kb6 {[%clk 0:53:40]} 47. Bc2
{[%clk 0:21:19]} Be6 {[%clk 0:52:38]} 48. Bb3 {[%clk 0:21:06]} Bh3
{[%clk 0:52:37]} 49. Bd5 {[%clk 0:19:21]} Bd7 {[%clk 0:52:44]} 50. Bb3
{[%clk 0:17:39]} Kc6 {[%clk 0:50:14]} 51. Bd1 {[%clk 0:15:58]} g5
{[%clk 0:49:24]} 52. Be2 {[%clk 0:14:41]} Kb6 {[%clk 0:49:38]} 53. Bd1
{[%clk 0:14:07]} Bh3 {[%clk 0:45:26]} 54. Be2 {[%clk 0:12:39]} Be6
{[%clk 0:45:18]} 55. Bb5 {[%clk 0:11:39]} Ka5 {[%clk 0:45:23]} 56. Be8
{[%clk 0:11:15]} Bd5 {[%clk 0:44:54]} 57. Bb5 {[%clk 0:11:28]} Kb6
{[%clk 0:44:52]} 58. Be8 {[%clk 0:08:57]} Kc7 {[%clk 0:38:32]} 59. a5
{[%clk 0:05:38]} Kd6 {[%clk 0:38:23]} 60. Bb5 {[%clk 0:05:43]} Ke5
{[%clk 0:38:24]} 61. Bd7 {[%clk 0:05:00]} Bf3 {[%clk 0:35:11]} 62. Bc8
{[%clk 0:04:48]} Kd6 {[%clk 0:32:06]} 63. Bf5 {[%clk 0:04:57]} Kc6
{[%clk 0:31:42]} 64. Bd3 {[%clk 0:05:11]} Bg4 {[%clk 0:27:52]} 65. Bf1
{[%clk 0:04:47]} Be6 {[%clk 0:27:14]} 66. Bc4 {[%clk 0:04:40]} Bc8
{[%clk 0:25:50]} 67. Be2 {[%clk 0:03:54]} Kc7 {[%clk 0:22:13]} 68. Bb5
{[%clk 0:03:49]} Be6 {[%clk 0:22:20]} 69. Bc4 {[%clk 0:04:00]} Bd7
{[%clk 0:22:39]} 70. Be2 {[%clk 0:03:52]} Be6 {[%clk 0:14:05]} 71. Bf3
{[%clk 0:03:54]} Bf7 {[%clk 0:11:44]} 72. Ba8 {[%clk 0:04:02]} Kb8
{[%clk 0:11:57]} 73. Bc6 {[%clk 0:04:02]} Ka7 {[%clk 0:11:53]} 74. e4
{[%clk 0:01:38]} Ka6 {[%clk 0:11:59]} 75. Bd5 {[%clk 0:01:59]} Bg6
{[%clk 0:06:37]} 76. Kc4 {[%clk 0:02:19]} Kxa5 {[%clk 0:07:02]} 77. Kxc5
{[%clk 0:02:44]} f5 {[%clk 0:07:07]} 78. exf5 {[%clk 0:01:23]} Bxf5
{[%clk 0:07:32]} 79. Bf7 {[%clk 0:01:02]} Bg4 {[%clk 0:07:35]} 80. Kd4
{[%clk 0:01:10]} Kb4 {[%clk 0:04:50]} 81. Ke5 {[%clk 0:01:34]} h5
{[%clk 0:04:43]} 82. Kf6 {[%clk 0:01:52]} h4 {[%clk 0:05:11]} 83. Kxg5
{[%clk 0:02:05]} hxg3 {[%clk 0:05:35]} 84. hxg3 {[%clk 0:02:32]} Bh3
{[%clk 0:04:30]} 85. Kf6 {[%clk 0:02:45]} Bg4 {[%clk 0:04:48]} 86. Kg5
{[%clk 0:01:42]} Bh3 {[%clk 0:05:04]} 87. Bg6 {[%clk 0:00:58]} Kc5
{[%clk 0:05:24]} 88. Bf5 {[%clk 0:01:16]} Bf1 {[%clk 0:05:47]} 89. Kf4
{[%clk 0:01:31]} Be2 {[%clk 0:05:46]} 90. Be4 {[%clk 0:01:37]} Kd6
{[%clk 0:05:53]} 91. Bf3 {[%clk 0:02:05]} Bd3 {[%clk 0:06:14]} 92. g4
{[%clk 0:02:28]} Ke6 {[%clk 0:06:29]} 93. Kg5 {[%clk 0:02:42]} Kf7
{[%clk 0:00:49]} 94. Kh6 {[%clk 0:03:08]} Bc4 {[%clk 0:00:44]} 95. Be4
{[%clk 0:03:08]} 1-0